[Event "ch-SCO"]
[Site "Hamilton SCO"]
[Date "2010.07.11"]
[Round "1"]
[White "Emery,Keith"]
[Black "McNab,C"]
[Result "0-1"]
[WhiteElo "2028"]
[BlackElo "2463"]
[EventDate "2010.07.11"]

1. e4 g6 2. Nf3 Bg7 3. d4 d6 4. Be3 Nf6 5. e5 Ng4 6. exd6 Nxe3 7. fxe3 Qxd6
8. c3 O-O 9. e4 c5 10. e5 Qb6 11. Qe2 cxd4 12. cxd4 Nc6 13. d5 Nd4 14. Nxd4
Qxd4 15. Nc3 Bg4 16. Qe4 Qxe4+ 17. Nxe4 Bxe5 18. Be2 Bxe2 19. Kxe2 Rac8 20.
Rhd1 Rc2+ 21. Rd2 Rxd2+ 22. Nxd2 Rd8 23. Nf3 Rxd5 24. Rb1 Bd6 25. b3 Kg7
26. h3 f5 27. Ng5 Re5+ 28. Kd3 h6 29. Nf3 Rd5+ 30. Kc4 Rc5+ 31. Kd3 b5 32.
Re1 e5 33. Nd2 Rd5+ 34. Kc3 Rxd2 0-1

[Event "ch-SCO"]
[Site "Hamilton SCO"]
[Date "2010.07.11"]
[Round "1"]
[White "Greet,A"]
[Black "McClement,A"]
[Result "1-0"]
[WhiteElo "2451"]
[BlackElo "2022"]
[EventDate "2010.07.11"]

1. e4 c5 2. Be2 Nc6 3. f4 g6 4. Nf3 Bg7 5. O-O d6 6. d3 Nf6 7. Qe1 Bg4 8.
Nbd2 O-O 9. h3 Bxf3 10. Nxf3 Rb8 11. Bd1 Nd7 12. h4 c4 13. h5 Bxb2 14. hxg6
Bxa1 15. Qh4 hxg6 16. Ng5 Nf6 17. f5 Qb6+ 18. Kh1 e6 19. Qh6 Ne7 20. Rf3
gxf5 21. Rh3 Ng6 22. Nxe6 1-0

[Event "ch-SCO"]
[Site "Hamilton SCO"]
[Date "2010.07.11"]
[Round "1"]
[White "Walker,Du"]
[Black "Shaw,J"]
[Result "0-1"]
[WhiteElo "2012"]
[BlackElo "2445"]
[EventDate "2010.07.11"]

1. Nf3 d5 2. g3 Bg4 3. Bg2 Nd7 4. c4 e6 5. cxd5 exd5 6. Qa4 Ngf6 7. O-O c6
8. d4 Bd6 9. Nc3 O-O 10. Bg5 Re8 11. Rfe1 Qb6 12. Bc1 h6 13. e3 Bf5 14. Nh4
Bh7 15. Bh3 Rad8 16. Nf5 Bf8 17. g4 c5 18. dxc5 Nxc5 19. Qb5 d4 20. Qxb6
axb6 21. Nb5 Nd3 22. Rd1 Bxf5 23. gxf5 dxe3 24. Bxe3 Bc5 25. Bxc5 bxc5 26.
Bg2 Ne4 27. Bxe4 Rxe4 28. Rd2 c4 29. a4 Rd5 30. f3 Re3 31. Rf1 Rxf5 32. Nd6
Rg5+ 33. Kh1 Re1 34. Rxe1 Nxe1 35. Nxc4 Nxf3 36. Rd8+ Kh7 37. Rd1 Rc5 38.
b3 f5 39. Rd7 b5 40. axb5 Rxb5 41. Rd3 Ne5 42. Nxe5 Rxe5 43. b4 Re1+ 44.
Kg2 Rb1 45. Rd4 g5 46. Rc4 Kg6 47. Kg3 Rb3+ 48. Kg2 Kh5 49. Kf2 Rb2+ 50.
Kg1 f4 51. Rd4 Kg4 52. Rc4 h5 53. Rd4 h4 54. Rc4 h3 55. Rd4 Rb1+ 56. Kf2
Rh1 57. b5 Rxh2+ 58. Kg1 Rb2 59. Rd5 Kh4 60. Rc5 g4 0-1

[Event "ch-SCO"]
[Site "Hamilton SCO"]
[Date "2010.07.11"]
[Round "1"]
[White "Hecht,HJ"]
[Black "Ferry,E"]
[Result "1-0"]
[WhiteElo "2374"]
[BlackElo "2002"]
[EventDate "2010.07.11"]

1. d4 d5 2. c4 c6 3. Nf3 e6 4. Nbd2 Nd7 5. e3 f5 6. Bd3 Ngf6 7. O-O Bd6 8.
b3 O-O 9. Bb2 Qe7 10. Ne5 Ne4 11. Ndf3 Ndf6 12. c5 Bc7 13. b4 Bd7 14. a4 a6
15. Qc2 Rfc8 16. Be2 Be8 17. Ne1 Bb8 18. f3 Ng5 19. Bc3 Nf7 20. N1d3 Nd8
21. Rfb1 Nd7 22. f4 Nf6 23. Nf2 Bxe5 24. dxe5 Ne4 25. Nxe4 fxe4 26. Bd4 Bd7
27. Kh1 Nf7 28. Rg1 Nh6 29. g4 Rf8 30. Rg2 Kh8 31. Qc3 g6 32. Rag1 Kg8 33.
Rg3 Rf7 34. Rh3 Qf8 35. Qe1 Kh8 36. Qh4 Ng8 37. f5 Qg7 38. f6 Qf8 39. Qg5
Be8 40. Qxg6 Rc7 41. Qg5 a5 42. b5 cxb5 43. Bxb5 Bxb5 44. axb5 a4 45. Qh5
Qf7 46. Qxf7 Rxf7 47. g5 1-0

[Event "ch-SCO"]
[Site "Hamilton SCO"]
[Date "2010.07.12"]
[Round "2"]
[White "Shaw,J"]
[Black "Green,An"]
[Result "1-0"]
[WhiteElo "2445"]
[BlackElo "2172"]
[EventDate "2010.07.11"]

1. e4 Nf6 2. e5 Nd5 3. d4 d6 4. Nf3 dxe5 5. Nxe5 c6 6. Nd2 Nd7 7. Ndf3 g6
8. Bc4 Bg7 9. O-O O-O 10. Re1 Nxe5 11. dxe5 Bg4 12. h3 Bxf3 13. Qxf3 e6 14.
a4 Qc7 15. Qe4 Rfd8 16. h4 Rd7 17. h5 Ne7 18. Bg5 c5 19. c3 Nc6 20. hxg6
hxg6 21. Bf6 Na5 22. Bxe6 fxe6 23. Qxg6 Qc6 24. Re3 Rf8 25. Rh3 Rc8 26.
Qh7+ Kf8 27. Rg3 1-0

[Event "ch-SCO"]
[Site "Hamilton SCO"]
[Date "2010.07.12"]
[Round "2"]
[White "Oswald,D"]
[Black "Hecht,HJ"]
[Result "0-1"]
[WhiteElo "1990"]
[BlackElo "2374"]
[EventDate "2010.07.11"]

1. e4 e5 2. Nf3 Nc6 3. Bc4 Nf6 4. d3 Bc5 5. O-O d6 6. a4 a6 7. h3 Ba7 8. c3
O-O 9. Re1 Ne7 10. Nbd2 Ng6 11. Nf1 c6 12. Bb3 Re8 13. Ng3 h6 14. d4 Be6
15. d5 cxd5 16. exd5 Bd7 17. Bc2 Rc8 18. Nf5 e4 19. N3d4 Bxd4 20. Nxd4 Rc5
21. Bb3 Nxd5 22. Bxd5 Rxd5 23. Qb3 Bc6 24. Nxc6 bxc6 25. Qc4 Qc8 26. Rxe4
Rd1+ 27. Kh2 d5 28. Qe2 Qc7+ 29. g3 Rxe4 30. Qxd1 f5 31. Qh5 Qf7 32. Be3
Qe6 33. b3 Kh7 34. Rg1 Qf6 35. Bd4 Qg5 36. Qxg5 hxg5 37. Kg2 Nf8 38. Rd1
Ne6 39. b4 Kg6 40. Rd2 Re1 41. Kf3 g4+ 42. hxg4 Ng5+ 43. Kg2 fxg4 44. Rd3
Rb1 45. a5 Re1 46. Bc5 Kf5 47. Bd4 g6 48. Bc5 Nf3 49. Rxf3+ gxf3+ 50. Kxf3
Re4 51. Bd4 g5 52. Bc5 g4+ 53. Kg2 Re1 54. Bd4 Ke4 55. Bc5 Kd3 56. Bd4 Re2
57. Kf1 Rc2 58. Kg2 Rxc3 59. Bxc3 Kxc3 60. f4 gxf3+ 61. Kxf3 d4 62. b5 cxb5
0-1

[Event "ch-SCO"]
[Site "Hamilton SCO"]
[Date "2010.07.12"]
[Round "2"]
[White "Berry,N"]
[Black "Schmerwitz,R"]
[Result "1-0"]
[WhiteElo "2343"]
[BlackElo "1892"]
[EventDate "2010.07.11"]

1. d4 Nf6 2. c4 e6 3. g3 d5 4. Nf3 Bb4+ 5. Bd2 Be7 6. Bg2 O-O 7. O-O c5 8.
cxd5 exd5 9. Nc3 Nc6 10. dxc5 Bxc5 11. Rc1 Be7 12. Be3 h6 13. Na4 Bf5 14.
Bc5 Ne4 15. Bxe7 Nxe7 16. Nd4 Bh7 17. Nc5 Nd6 18. Qb3 b6 19. Nd3 Ne4 20.
Rfd1 Rc8 21. Nf4 Rxc1 22. Rxc1 Nc5 23. Qa3 Qa8 24. Nb5 Be4 25. f3 Bh7 26.
b4 Ne6 27. Nxe6 fxe6 28. Rc7 Nc6 29. Qc3 a6 30. Qxg7+ 1-0

[Event "ch-SCO"]
[Site "Hamilton SCO"]
[Date "2010.07.12"]
[Round "3"]
[White "Greet,A"]
[Black "Shaw,J"]
[Result "1-0"]
[WhiteElo "2451"]
[BlackElo "2445"]
[EventDate "2010.07.11"]

1. e4 d6 2. d4 Nf6 3. f3 e5 4. d5 c5 5. Ne2 Nbd7 6. Nbc3 a6 7. a4 h5 8. h4
g6 9. a5 Bh6 10. Bxh6 Rxh6 11. Qd2 Rh8 12. Nd1 b5 13. axb6 Nxb6 14. Nec3
Kf8 15. Ne3 Ne8 16. g3 Nc7 17. Na4 Nxa4 18. Rxa4 Bd7 19. Ra2 Bb5 20. c4 Be8
21. f4 Qf6 22. Qc3 Kg7 23. fxe5 dxe5 24. Bh3 Qd6 25. O-O f6 26. Ra5 Rb8 27.
Qa3 Rb4 28. b3 Qb6 29. Rf3 f5 30. exf5 e4 31. Rf2 Rf8 32. Qb2+ Kg8 33. Ra3
Bd7 34. Kg2 gxf5 35. Bxf5 Bxf5 36. Nxf5 Rf7 37. d6 1-0

[Event "ch-SCO"]
[Site "Hamilton SCO"]
[Date "2010.07.12"]
[Round "3"]
[White "Hecht,HJ"]
[Black "Groetz,H"]
[Result "1/2-1/2"]
[WhiteElo "2374"]
[BlackElo "2315"]
[EventDate "2010.07.11"]

1. d4 d5 2. c4 c6 3. Nf3 Nf6 4. e3 Bf5 5. Nc3 e6 6. Nh4 Bg6 7. Qb3 Qc7 8.
Bd2 Nbd7 9. Rc1 Qb6 10. Nxg6 hxg6 11. g3 Be7 12. Bg2 O-O 13. O-O Rac8 14.
Rfd1 Rfe8 15. e4 dxe4 16. Qxb6 Nxb6 17. Nxe4 Nxe4 18. Bxe4 Bf6 19. Be3 Red8
20. b3 Rd7 21. a4 Rcd8 22. a5 Nc8 23. d5 a6 24. Bf3 exd5 25. Bg4 Bb2 26.
Bxd7 Bxc1 27. Bxc8 Bxe3 28. Bxb7 Bg5 29. c5 Be7 30. Bxa6 Ra8 31. Bf1 Rxa5
32. b4 Ra7 33. b5 cxb5 34. c6 b4 35. Rxd5 Rc7 36. Rd7 1/2-1/2

[Event "ch-SCO"]
[Site "Hamilton SCO"]
[Date "2010.07.12"]
[Round "3"]
[White "Thomson,Neil"]
[Black "Grant,D SCO"]
[Result "1-0"]
[WhiteElo "1968"]
[BlackElo "1851"]
[EventDate "2010.07.11"]

1. e4 g6 2. d4 Bg7 3. Nc3 d6 4. f4 Nf6 5. Nf3 c5 6. Bb5+ Bd7 7. Bxd7+ Nfxd7
8. d5 O-O 9. O-O Nb6 10. f5 N8d7 11. Qe1 Nc4 12. Qh4 Nde5 13. Bh6 e6 14.
Ng5 exf5 15. exf5 Qf6 16. Nce4 Nf3+ 17. Rxf3 Qxb2 18. Bxg7 Qxg7 19. Nf6+
1-0

[Event "ch-SCO"]
[Site "Hamilton SCO"]
[Date "2010.07.13"]
[Round "4"]
[White "Brown,Al"]
[Black "Hecht,HJ"]
[Result "0-1"]
[WhiteElo "2106"]
[BlackElo "2374"]
[EventDate "2010.07.11"]

1. d4 Nf6 2. c4 e6 3. Nf3 b6 4. e3 Bb7 5. Bd3 c5 6. O-O Be7 7. Nc3 a6 8.
dxc5 bxc5 9. b3 O-O 10. Bb2 d5 11. Qe2 Nbd7 12. Rad1 Bd6 13. cxd5 exd5 14.
Ng5 Re8 15. Nxd5 Bxd5 16. Bxh7+ Nxh7 17. Rxd5 Nxg5 18. Rxd6 Qe7 19. Rfd1
Nf8 20. h4 Ne4 21. Qg4 f5 0-1

[Event "ch-SCO"]
[Site "Hamilton SCO"]
[Date "2010.07.13"]
[Round "4"]
[White "McNab,C"]
[Black "McClement,A"]
[Result "1/2-1/2"]
[WhiteElo "2463"]
[BlackElo "2022"]
[EventDate "2010.07.11"]

1. c4 Nf6 2. Nf3 e6 3. g3 b6 4. Bg2 Bb7 5. O-O Be7 6. b3 O-O 7. Bb2 d5 8.
d3 c5 9. e3 Nc6 10. Qe2 Qc7 11. Nc3 a6 12. cxd5 exd5 13. Rac1 Rac8 14. Rfd1
b5 15. e4 d4 16. Nd5 Nxd5 17. exd5 Nb4 18. Nxd4 Qd7 19. d6 Bg5 20. Bxb7
Rce8 21. Qf3 Bxc1 22. Bxc1 cxd4 23. a3 Nxd3 24. Qxd3 Qxb7 25. Qxd4 Re4 26.
Qc5 Rc8 27. Qf5 Rd4 28. Re1 Rxd6 29. Be3 Rcd8 30. Qg4 Qd7 31. Qxd7 R6xd7
32. Kg2 Rd3 33. Rb1 Rc8 34. a4 f6 35. axb5 axb5 36. b4 Rc4 37. Bc5 Kf7 38.
Ra1 Rd7 39. Ra6 Rb7 40. h4 Re4 41. Kf3 Re6 42. Ra8 Re5 43. Rd8 Re8 44. Rd6
Ree7 45. Ra6 Re6 46. Ra8 Kg6 47. Kf4 h5 48. Rh8 Re5 49. Rf8 Re1 50. Rh8 Re2
51. Rd8 Re5 1/2-1/2

[Event "ch-SCO"]
[Site "Hamilton SCO"]
[Date "2010.07.13"]
[Round "4"]
[White "Shaw,J"]
[Black "Oswald,D"]
[Result "1-0"]
[WhiteElo "2445"]
[BlackElo "1990"]
[EventDate "2010.07.11"]

1. e4 c5 2. Nc3 a6 3. Nf3 g6 4. d4 cxd4 5. Qxd4 Nf6 6. e5 Nc6 7. Qh4 Nh5 8.
Be3 Ng7 9. Bd3 Qa5 10. O-O-O Ne6 11. Bc4 b5 12. Bb3 h5 13. Nd5 Bh6 14. Bxh6
Rxh6 15. Ng5 Bb7 16. Ne4 Kf8 17. Nxe7 Nxe7 18. Rxd7 g5 19. Nxg5 Nf5 20.
Rxf7+ Ke8 21. Rxf5 Rd8 22. c3 1-0

[Event "ch-SCO"]
[Site "Hamilton SCO"]
[Date "2010.07.13"]
[Round "4"]
[White "Berry,N"]
[Black "Ferry,E"]
[Result "1-0"]
[WhiteElo "2343"]
[BlackElo "2002"]
[EventDate "2010.07.11"]

1. d4 d5 2. c4 c6 3. Nf3 Nf6 4. Qc2 g6 5. Bf4 Bg7 6. e3 O-O 7. Nc3 Qa5 8.
Bd3 Nbd7 9. O-O dxc4 10. Bxc4 Nd5 11. Bxd5 cxd5 12. b4 Qxb4 13. Nxd5 Qa3
14. Nc7 e5 15. dxe5 Nc5 16. Nxa8 Bf5 17. Qc1 Qa5 18. Nd4 Rxa8 19. Nxf5 gxf5
20. Qc2 Ne4 21. f3 Nc3 22. Qxf5 Rd8 23. Kh1 Nxa2 24. Qc2 Nb4 25. Rxa5 Nxc2
26. Rxa7 b5 27. Rc7 Na3 28. Rfc1 Bf8 29. Rc8 Rxc8 30. Rxc8 Kg7 31. Bh6+
Kxh6 32. Rxf8 1-0

[Event "ch-SCO"]
[Site "Hamilton SCO"]
[Date "2010.07.13"]
[Round "4"]
[White "Hilton,S"]
[Black "Walker,Du"]
[Result "1-0"]
[WhiteElo "1901"]
[BlackElo "2012"]
[EventDate "2010.07.11"]

1. d4 e6 2. Nf3 b6 3. e3 Bb7 4. Bd3 f5 5. O-O Nf6 6. b3 Nc6 7. a3 d6 8. Bb2
Qd7 9. Nbd2 O-O-O 10. Qe2 Rg8 11. Rfd1 g5 12. Ba6 h5 13. Bxb7+ Kxb7 14. c4
d5 15. Ne5 Qe8 16. Rac1 Nxe5 17. dxe5 Ne4 18. b4 Nxd2 19. Qxd2 Bh6 20. c5
Qb5 21. c6+ Kc8 22. Qc3 h4 23. a4 Qc4 24. Qd2 Qg4 25. Qd3 Rde8 26. Qa6+ Kd8
27. h3 Qxb4 28. Bc3 Qb3 29. Qxa7 Rg7 30. Qb8+ Ke7 31. Qxc7+ Kf8 32. Qd6+
Kg8 33. c7 Qxa4 34. c8=Q g4 35. Qdxe6+ 1-0

[Event "ch-SCO"]
[Site "Hamilton SCO"]
[Date "2010.07.13"]
[Round "4"]
[White "Groetz,H"]
[Black "Malhotra,Tarun"]
[Result "1-0"]
[WhiteElo "2315"]
[BlackElo "1838"]
[EventDate "2010.07.11"]

1. Nf3 Nf6 2. d4 g6 3. Bg5 Bg7 4. Nbd2 d5 5. e3 c6 6. c4 Bf5 7. Qb3 b6 8.
cxd5 cxd5 9. Bb5+ Kf8 10. Rc1 a6 11. Be2 h6 12. Bf4 Ra7 13. O-O Nh5 14.
Bxb8 Qxb8 15. Qxd5 Kg8 16. Ne5 Bxe5 17. Qxe5 Qxe5 18. dxe5 Bd7 19. Bxh5
gxh5 20. Nf3 Kh7 21. h4 Rb8 22. Rc3 a5 23. Rfc1 Rbb7 24. Nd4 b5 25. Rc5 b4
26. f4 a4 27. f5 e6 28. f6 Kg6 29. Kf2 b3 30. a3 Kh7 31. R1c3 Ra6 32. Rc7
Raa7 33. Rxb7 Rxb7 34. Rc5 Kg6 35. Kf3 Kh7 36. Ne2 Rb6 37. Rc7 Bc6+ 38. Kf2
Be8 39. Nd4 Kg8 40. Rc8 Kf8 41. Ke1 Rb7 42. Kd2 Rd7 43. Kd3 Rd5 44. Ke4 Ra5
45. Kf4 Rd5 46. g3 Ra5 47. e4 Ra6 48. Nb5 Rc6 49. Rxc6 Bxc6 50. Nd6 Bd7 51.
Ke3 Bc6 52. Kd4 Bd7 53. Kc5 1-0

[Event "ch-SCO"]
[Site "Hamilton SCO"]
[Date "2010.07.13"]
[Round "4"]
[White "Grant,D SCO"]
[Black "Patrick,DI"]
[Result "0-1"]
[WhiteElo "1851"]
[BlackElo "2244"]
[EventDate "2010.07.11"]

1. e4 c6 2. d4 d5 3. e5 Bf5 4. Nd2 e6 5. Nb3 f6 6. Bf4 fxe5 7. Bxe5 Nd7 8.
Bg3 Ngf6 9. Nf3 Ne4 10. c3 Be7 11. Nh4 O-O 12. Nxf5 exf5 13. f3 Nxg3 14.
hxg3 Bd6 15. Kf2 Qc7 16. Rh3 Nf6 17. Qd2 Rae8 18. Bd3 Ne4+ 19. Bxe4 fxe4
20. Re1 Qf7 21. Re3 g5 22. Kg1 g4 23. Rh4 gxf3 24. gxf3 exf3 25. Rxe8 f2+
26. Kf1 Qxe8 27. Rg4+ Kh8 28. Nc1 Qe6 29. Qe2 Qh6 0-1

[Event "ch-SCO"]
[Site "Hamilton SCO"]
[Date "2010.07.14"]
[Round "5"]
[White "Greet,A"]
[Black "Hecht,HJ"]
[Result "1/2-1/2"]
[WhiteElo "2451"]
[BlackElo "2374"]
[EventDate "2010.07.11"]

1. d4 e6 2. c4 Nf6 3. g3 Bb4+ 4. Bd2 Qe7 5. Nf3 Nc6 6. Nc3 d6 7. d5 Bxc3 8.
Bxc3 Nb8 9. Bg2 e5 10. Nd2 O-O 11. O-O Ng4 12. h3 Nh6 13. e4 f5 14. f4 Nd7
15. Qe2 exf4 16. Rxf4 Ne5 17. Re1 Ng6 18. Rf3 Bd7 19. Qf2 Qg5 20. exf5 Bxf5
21. Nb3 Bd7 22. Bd2 Rxf3 23. Qxf3 Qf5 24. Nd4 Qxf3 25. Nxf3 Nf7 26. Bc3 Re8
27. Rxe8+ Bxe8 28. Kf2 Bd7 29. Ke3 Kf8 30. b4 Ne7 31. g4 g5 32. Nd2 Ng6 33.
Bf1 Ke7 34. Ne4 Nge5 35. Bxe5 dxe5 36. c5 h6 37. Bd3 h5 38. d6+ cxd6 39.
cxd6+ Nxd6 40. gxh5 Nxe4 41. Bxe4 b6 42. h6 Kf6 43. a3 Bxh3 44. Kf3 Bd7
1/2-1/2

[Event "ch-SCO"]
[Site "Hamilton SCO"]
[Date "2010.07.14"]
[Round "5"]
[White "Groetz,H"]
[Black "Green,An"]
[Result "1/2-1/2"]
[WhiteElo "2315"]
[BlackElo "2172"]
[EventDate "2010.07.11"]

1. e4 c5 2. Nf3 d6 3. d4 cxd4 4. Nxd4 Nf6 5. Nc3 g6 6. Bc4 Bg7 7. O-O O-O
8. Bb3 Nc6 9. Re1 Ng4 10. Nxc6 bxc6 11. h3 Ne5 12. Be3 Be6 13. Qe2 c5 14.
Bxe6 fxe6 15. f4 Nc6 16. Qg4 Qc8 17. Rf1 Rb8 18. Rab1 Nb4 19. Rf2 d5 20.
Na4 d4 21. Bd2 Nxc2 22. Rc1 d3 23. e5 c4 24. b3 cxb3 25. axb3 Rxb3 26. Nc5
Rb6 27. Nxd3 Rc6 28. Ne1 1/2-1/2

[Event "ch-SCO"]
[Site "Hamilton SCO"]
[Date "2010.07.14"]
[Round "5"]
[White "McKerracher,D"]
[Black "McNab,C"]
[Result "0-1"]
[WhiteElo "1966"]
[BlackElo "2463"]
[EventDate "2010.07.11"]

1. e4 g6 2. d4 d6 3. Nc3 Bg7 4. g3 Nc6 5. Be3 e5 6. Nce2 Nf6 7. Bg2 Ng4 8.
Nf3 Nxe3 9. fxe3 O-O 10. c3 Qe7 11. d5 Nb8 12. h3 a5 13. g4 Bh6 14. Qd2 c6
15. O-O-O cxd5 16. exd5 Nd7 17. g5 Bxg5 18. Nxg5 Qxg5 19. Rdg1 Qh4 20. e4
Nc5 21. Bf3 f5 22. exf5 Bxf5 23. Bg4 Nd3+ 24. Kb1 Nf2+ 25. Bxf5 Rxf5 26.
Ng3 Rf3 27. Rh2 Raf8 28. Rhg2 Nxh3 0-1

[Event "ch-SCO"]
[Site "Hamilton SCO"]
[Date "2010.07.14"]
[Round "5"]
[White "McClement,A"]
[Black "Brown,Al"]
[Result "1-0"]
[WhiteElo "2022"]
[BlackElo "2106"]
[EventDate "2010.07.11"]

1. Nf3 c5 2. c4 g6 3. g3 Bg7 4. Bg2 Nc6 5. Nc3 Nf6 6. d4 cxd4 7. Nxd4 O-O
8. O-O Nxd4 9. Qxd4 a6 10. Rd1 d6 11. Qh4 Qc7 12. Bg5 Be6 13. Rac1 Qb6 14.
Na4 Qb4 15. b3 Rab8 16. c5 Qxh4 17. Bxh4 Rfc8 18. Bg5 b5 19. cxb6 Rxc1 20.
Rxc1 h6 21. Bd2 Nd5 22. Ba5 Bd4 23. b7 Rxb7 24. Rd1 Rb5 25. Be1 Bf6 26. e3
Nb4 27. Bxb4 Rxb4 28. Rc1 Bd7 29. Nc3 Bxc3 30. Rxc3 Kf8 31. Rc7 Ke8 32. Ra7
Bc8 33. Kf1 e6 34. Bc6+ Kd8 35. Rxf7 Rb6 36. Be4 d5 37. Bxg6 Rc6 38. Ke2 a5
39. Kd2 e5 40. Bc2 h5 41. Bd3 Rc5 42. f3 Bh3 43. Rh7 Bg2 44. Rxh5 1-0

[Event "ch-SCO"]
[Site "Hamilton SCO"]
[Date "2010.07.14"]
[Round "5"]
[White "Oswald,D"]
[Black "Malhotra,Tarun"]
[Result "1-0"]
[WhiteElo "1990"]
[BlackElo "1838"]
[EventDate "2010.07.11"]

1. e4 c5 2. Nf3 Nc6 3. d4 cxd4 4. Nxd4 Nf6 5. Nc3 e5 6. Ndb5 d6 7. Bg5 a6
8. Na3 b5 9. Nd5 Be7 10. Bxf6 Bxf6 11. c3 O-O 12. Nc2 Rb8 13. h4 h6 14. g3
Be6 15. Bg2 Bxd5 16. Qxd5 Ne7 17. Qd3 Qb6 18. O-O Rfd8 19. Ne3 g6 20. Rfd1
Qc5 21. Bh3 Rb6 22. Nd5 Nxd5 23. Qxd5 Qc7 24. Kg2 Kg7 25. Qd3 Be7 26. Rd2
Rdb8 27. a3 a5 28. b3 Rc6 29. Rc2 Rb7 30. Rac1 Qb6 31. Kg1 Rcc7 32. Bf1 Rb8
33. Qf3 Rbb7 34. c4 b4 35. a4 Rb8 36. Rd1 Rc5 37. Bh3 Rb7 38. Rcd2 Rbc7 39.
Rd3 h5 40. g4 Bxh4 41. gxh5 R5c6 42. Qg2 g5 43. Qf3 d5 44. Rxd5 Rf6 45. Bf5
Re7 46. Rb5 Qa7 47. Rdd5 Ree6 48. Rxa5 Ra6 49. Rxa6 Qxa6 50. Rxe5 Qa7 51.
Rd5 Qe7 52. Qd3 Rh6 53. Qd4+ Rf6 54. Rd7 1-0

[Event "ch-SCO"]
[Site "Hamilton SCO"]
[Date "2010.07.14"]
[Round "5"]
[White "Ferry,E"]
[Black "Schmerwitz,R"]
[Result "1-0"]
[WhiteElo "2002"]
[BlackElo "1892"]
[EventDate "2010.07.11"]

1. e4 c5 2. Nf3 d6 3. d4 cxd4 4. Nxd4 Nf6 5. Nc3 Nc6 6. Bg5 e6 7. Qd2 a6 8.
O-O-O Bd7 9. Kb1 Nxd4 10. Qxd4 Be7 11. f4 Bc6 12. Be2 Qa5 13. Bf3 O-O 14.
Rhf1 Qc5 15. Qxc5 dxc5 16. e5 Bxf3 17. gxf3 Nd5 18. Nxd5 Bxg5 19. fxg5 exd5
20. Rxd5 Rac8 21. Rd6 Rfe8 22. f4 Rc7 23. Rfd1 Kf8 24. c4 Ke7 25. Kc2 Rf8
26. f5 Rfc8 27. f6+ gxf6 28. gxf6+ Ke8 29. Rg1 Kf8 30. Rg7 Re8 31. Rxh7 Kg8
32. Rg7+ Kf8 33. Rd3 Rxe5 34. Rh3 Ke8 35. Rh8+ Kd7 36. Rxf7+ Kc6 37. Rxc7+
Kxc7 38. f7 1-0

[Event "ch-SCO"]
[Site "Hamilton SCO"]
[Date "2010.07.14"]
[Round "6"]
[White "Berry,N"]
[Black "Greet,A"]
[Result "1/2-1/2"]
[WhiteElo "2343"]
[BlackElo "2451"]
[EventDate "2010.07.11"]

1. d4 Nf6 2. c4 e6 3. g3 d5 4. Nf3 dxc4 5. Bg2 a6 6. Ne5 c5 7. Na3 cxd4 8.
Naxc4 Ra7 9. Bd2 b6 10. O-O Bb7 11. Bxb7 Rxb7 12. Rc1 Bc5 13. b4 Be7 14.
Be3 O-O 15. Bxd4 Bxb4 16. Bxb6 Qd5 1/2-1/2

[Event "ch-SCO"]
[Site "Hamilton SCO"]
[Date "2010.07.14"]
[Round "6"]
[White "Hecht,HJ"]
[Black "Shaw,J"]
[Result "1/2-1/2"]
[WhiteElo "2374"]
[BlackElo "2445"]
[EventDate "2010.07.11"]

1. d4 d5 2. c4 c6 3. Nf3 Nf6 4. e3 Bg4 5. Bd3 e6 6. Nbd2 Nbd7 7. Qc2 Bd6 8.
b3 O-O 9. Bb2 Qb8 10. h3 Bh5 11. O-O Re8 12. Rac1 Bg6 13. Bxg6 hxg6 14. e4
dxe4 15. Nxe4 Nxe4 16. Qxe4 e5 17. c5 Nf6 18. Qc2 e4 19. Ne5 Bxe5 20. dxe5
Nd7 21. Qxe4 Nxe5 22. Rcd1 Nd7 23. Qc4 Re7 24. Rd6 Nf8 25. f4 Qe8 26. f5
Re1 27. Kh2 Rxf1 28. Qxf1 f6 29. Qc4+ Qf7 30. Qd3 Re8 31. fxg6 Qxg6 32.
Qc4+ Qf7 33. Qd3 Re7 34. a3 a6 35. b4 Rd7 36. Bc1 Rxd6 37. Qxd6 1/2-1/2

[Event "ch-SCO"]
[Site "Hamilton SCO"]
[Date "2010.07.14"]
[Round "6"]
[White "McNab,C"]
[Black "Patrick,DI"]
[Result "1/2-1/2"]
[WhiteElo "2463"]
[BlackElo "2244"]
[EventDate "2010.07.11"]

1. c4 Nf6 2. Nf3 g6 3. g3 Bg7 4. Bg2 O-O 5. O-O d6 6. d4 Nc6 7. Nc3 Bg4 8.
d5 Bxf3 9. exf3 Na5 10. Qd3 c5 11. b3 a6 12. Rb1 Rb8 13. f4 Qd7 14. Re1 b5
15. cxb5 axb5 16. b4 c4 17. Qf1 Ng4 18. Bd2 Nb7 19. Bh3 f5 20. Qe2 Rfe8 21.
Bg2 Nd8 22. h3 Nf6 23. a4 bxa4 24. Qxc4 Nb7 25. Qc6 Rbc8 26. Qxd7 Nxd7 27.
Nxa4 Rc2 28. Be3 Ra8 29. Nb6 Nxb6 30. Bxb6 Kf7 31. Bf1 Bc3 32. Re2 Rxe2 33.
Bxe2 Ra4 34. b5 Ke8 35. Be3 Ra1 36. Rxa1 Bxa1 37. g4 fxg4 38. Bxg4 Nc5 39.
f5 Bf6 40. fxg6 hxg6 41. Kg2 Kd8 42. Be6 Kc7 43. Bf7 g5 44. Kf3 Nd3 45. Ke4
Ne5 46. Be8 g4 47. hxg4 Nxg4 48. Ba7 Kb7 49. b6 Nxf2+ 50. Ke3 Ng4+ 51. Kd3
Ne5+ 52. Kc2 Bh4 53. Kc3 Be1+ 54. Kd4 Bf2+ 55. Ke4 Bxb6 56. Bxb6 Kxb6 57.
Kf5 Kc5 58. Ke6 Nf3 59. Kxe7 Kxd5 60. Bf7+ Ke5 61. Bg8 1/2-1/2

[Event "ch-SCO"]
[Site "Hamilton SCO"]
[Date "2010.07.14"]
[Round "6"]
[White "McClement,A"]
[Black "Groetz,H"]
[Result "0-1"]
[WhiteElo "2022"]
[BlackElo "2315"]
[EventDate "2010.07.11"]

1. Nf3 Nf6 2. c4 g6 3. g3 Bg7 4. Bg2 O-O 5. O-O d6 6. Nc3 c6 7. d4 Bf5 8.
Re1 Ne4 9. Qb3 Nxc3 10. Qxc3 Be4 11. Bg5 h6 12. Be3 d5 13. Qb3 Qb6 14. Nd2
Qxb3 15. axb3 Bxg2 16. Kxg2 e6 17. Nb1 Nd7 18. Nc3 a6 19. f3 Rad8 20. Red1
Rfe8 21. Bf2 Nb6 22. e4 Rd7 23. Rd2 Red8 24. Rad1 Nc8 25. g4 Bf8 26. Be3
Kh7 27. h3 f5 28. Bf4 Bg7 29. Be5 dxe4 30. Bxg7 exf3+ 31. Kxf3 Kxg7 32. b4
Nb6 33. b3 fxg4+ 34. hxg4 Rf7+ 35. Ke3 Rdf8 36. Rd3 Rf2 37. d5 exd5 38.
cxd5 cxd5 39. Nxd5 R2f3+ 40. Ke2 Rxd3 41. Rxd3 Nxd5 42. Rxd5 Rf4 43. Rd7+
Kf6 44. Rxb7 Rxg4 45. Kf3 Rd4 46. b5 axb5 47. Rxb5 h5 48. Kg3 Re4 49. b4
Re5 50. Rb8 Kg5 51. Kf3 Rf5+ 52. Kg2 Kg4 53. Rc8 h4 54. Rc2 g5 55. Rb2 Rb5
56. Rb3 Kf4 57. Kh3 g4+ 58. Kg2 h3+ 59. Kh2 Rd5 60. b5 Rd2+ 61. Kh1 g3 62.
Rb1 h2 63. b6 Kg4 64. b7 Kh3 65. b8=Q g2+ 0-1

[Event "ch-SCO"]
[Site "Hamilton SCO"]
[Date "2010.07.14"]
[Round "6"]
[White "Green,An"]
[Black "Oswald,D"]
[Result "1/2-1/2"]
[WhiteElo "2172"]
[BlackElo "1990"]
[EventDate "2010.07.11"]

1. e4 e6 2. d4 d5 3. exd5 exd5 4. h3 Nf6 5. Nf3 Be7 6. Bd3 O-O 7. O-O Re8
8. Re1 c6 9. c3 Nbd7 10. Bf4 Nf8 11. Nbd2 Ng6 12. Bh2 Bf8 13. Qc2 Bd7 14.
Rxe8 Nxe8 15. Re1 Nf6 16. Ne5 Qb6 17. Nxg6 hxg6 18. b3 Re8 19. Rxe8 Nxe8
20. Nf3 Bd6 21. Bxd6 Nxd6 22. Qe2 Qd8 23. Ne5 Bf5 24. Bxf5 Nxf5 25. Nd3 Qe7
26. Qxe7 Nxe7 1/2-1/2

[Event "ch-SCO"]
[Site "Hamilton SCO"]
[Date "2010.07.14"]
[Round "6"]
[White "Sreeves,C"]
[Black "Thomson,Neil"]
[Result "1-0"]
[WhiteElo "2085"]
[BlackElo "1968"]
[EventDate "2010.07.11"]

1. e4 c5 2. Nf3 d6 3. d4 cxd4 4. Nxd4 Nf6 5. Nc3 g6 6. Be3 a6 7. f3 Nbd7 8.
Qd2 b5 9. a4 b4 10. Nd5 Bb7 11. Nxf6+ Nxf6 12. Qxb4 Rb8 13. a5 Bg7 14. Be2
O-O 15. Qd2 e5 16. Nb3 d5 17. Nc5 dxe4 18. Qxd8 Rfxd8 19. Nxb7 Rxb7 20. Bb6
Ra8 21. c4 exf3 22. gxf3 Nd7 23. c5 Nb8 24. O-O-O Nc6 25. Rd6 Nd4 26. Bc4
Bf8 27. Rxd4 exd4 28. Bd5 Rxb6 29. axb6 Rd8 30. c6 Rxd5 31. c7 Rc5+ 32. Kb1
Bd6 33. Rc1 1-0

[Event "ch-SCO"]
[Site "Hamilton SCO"]
[Date "2010.07.14"]
[Round "6"]
[White "Brown,Al"]
[Black "Campbell,E"]
[Result "1-0"]
[WhiteElo "2106"]
[BlackElo "1915"]
[EventDate "2010.07.11"]

1. d4 d6 2. e4 Nf6 3. Nc3 g6 4. Bc4 Bg7 5. f3 O-O 6. Be3 c6 7. Nge2 b5 8.
Bd3 b4 9. Na4 Nbd7 10. b3 Nb6 11. Nb2 Bb7 12. Qd2 c5 13. Rc1 a5 14. c4 bxc3
15. Rxc3 cxd4 16. Bxd4 e5 17. Bxb6 Qxb6 18. Na4 Qa7 19. Bc4 Rad8 20. Qe3
Qxe3 21. Rxe3 d5 22. exd5 Bxd5 23. Kf2 Bxc4 24. bxc4 e4 25. Rb1 Bh6 26. Ra3
e3+ 27. Ke1 Rd2 28. Nac3 Ra8 29. Rb5 Bf8 30. Ra4 Nd7 31. Ne4 Rd8 32. Nxd2
exd2+ 33. Kd1 Bb4 34. a3 Nc5 35. Rxc5 Bxc5 36. Rxa5 Be3 37. Rd5 Rb8 38. Kc2
Bh6 39. f4 Ra8 40. Kxd2 Rxa3 41. g4 Bf8 42. Rd3 Bb4+ 43. Ke3 Bc5+ 44. Kd2
Ra2+ 45. Kd1 Ra1+ 46. Nc1 Ba3 47. Rc3 Kf8 48. Rc2 Ke7 49. Kd2 Bb4+ 50. Kd3
Ra3+ 51. Kd4 Kd6 52. Nd3 Ba5 53. c5+ Kc7 54. Ne5 f6 55. Nc4 Ra1 56. Nxa5
Rxa5 57. Kd5 Ra6 58. f5 gxf5 59. gxf5 h5 60. Rg2 Kd7 61. Rg7+ Kd8 62. Rh7
Ra2 63. Rxh5 Re2 64. Kd6 1-0